[Event "Hazel Park (MCO/2/52)"]
[Site "?"]
[Date "1987.??.??"]
[Round "?"]
[White "Dautremont, J.."]
[Black "Barnette, Glenn"]
[Result "0-1"]
[WhiteElo "1605"]
[BlackElo "1605"]
[PlyCount "76"]
[EventDate "1987.??.??"]

{2/(52)} 1. e4 e6 2. f4 d5 3. e5 c5 4. d3 Qb6 5. Nf3 Ne7 6. Nh4 Nbc6 7. c3 Bd7
8. Nd2 Ng6 9. Nxg6 fxg6 10. Nf3 Be7 11. Be2 O-O 12. O-O Rf7 13. Qc2 Raf8 14. h4
c4+ 15. d4 Qd8 16. Ng5 Bxg5 17. hxg5 b5 18. g3 b4 19. Bd2 a5 20. Qb1 Qb6 21.
Be3 Rb8 22. Kg2 Ne7 23. g4 b3 24. a3 a4 25. Rh1 Rbf8 26. Kg3 Qd8 27. Rh3 h5 28.
gxh6 gxh6 29. Rxh6 Rh7 30. Qh1 Rff7 31. Kf3 Qf8 32. Rxh7 Rxh7 33. Qg2 Qh6 34.
g5 Qh3+ 35. Qg3 Nf5 36. Qxh3 Rxh3+ 37. Kg2 Rxe3 38. Bf3 Nh4+ 0-1

[Event "Allendale (MI Am/2/19)"]
[Site "?"]
[Date "1987.??.??"]
[Round "?"]
[White "Dannis, C.."]
[Black "Mills, Dan"]
[Result "1-0"]
[WhiteElo "1605"]
[BlackElo "1605"]
[PlyCount "57"]
[EventDate "1987.??.??"]

{2/(19)} 1. e4 c5 2. Nf3 Nc6 3. d4 cxd4 4. Nxd4 d6 5. Bb5 Bd7 6. O-O Nf6 7. Re1
e6 8. b3 Be7 9. Bb2 O-O 10. Na3 a6 11. Bd3 b5 12. c3 Rc8 13. Nac2 Qb6 14. Nf3
Ng4 15. Ne3 Nge5 16. c4 Nxf3+ 17. Qxf3 Ne5 18. Qg3 f6 19. Bc2 bxc4 20. Rad1
cxb3 21. Bxb3 a5 22. f4 Nf7 23. e5 f5 24. exd6 g6 25. dxe7 Rfe8 26. Rxd7 a4 27.
Bd4 Qb5 28. Bxe6 a3 29. Nxf5 1-0

[Event "Allendale (MI Am/3/13)"]
[Site "?"]
[Date "1987.??.??"]
[Round "?"]
[White "Dannis, C.."]
[Black "Johnson, D.."]
[Result "0-1"]
[WhiteElo "1605"]
[BlackElo "1605"]
[PlyCount "64"]
[EventDate "1987.??.??"]

{3/(13)} 1. e4 c5 2. Nf3 d6 3. d4 cxd4 4. Nxd4 Nf6 5. Nc3 g6 6. Be3 Bg7 7. Be2
Nc6 8. Nxc6 bxc6 9. e5 dxe5 10. Qxd8+ Kxd8 11. Rd1+ Kc7 12. O-O Be6 13. b4 Nd5
14. Nxd5+ cxd5 15. Bg5 Bf6 16. f4 Bxg5 17. fxg5 Rhf8 18. Rd3 f5 19. Rc3+ Kd6
20. Ra3 Rfb8 21. Ra6+ Rb6 22. Ra4 Bd7 23. Ra5 Rxb4 24. c3 Rb2 25. Kf2 a6 26.
Rd1 Bb5 27. c4 Bxc4 28. Kg3 Rxe2 29. Rb1 Rxa2 30. Rxa2 Bxa2 31. Rb7 d4 32. Rb6+
Kc7 0-1

[Event "Hazel Park (MCO/3/6)"]
[Site "?"]
[Date "1987.??.??"]
[Round "?"]
[White "Dangremond, Leonard"]
[Black "Turner, George"]
[Result "1/2-1/2"]
[WhiteElo "1995"]
[BlackElo "2130"]
[PlyCount "37"]
[EventDate "1987.??.??"]

{3/(6)} 1. e4 Nf6 2. Nc3 e5 3. Nf3 Nc6 4. Bb5 d6 5. d4 exd4 6. Nxd4 Bd7 7. O-O
Nxd4 8. Bxd7+ Qxd7 9. Qxd4 Be7 10. Bg5 h6 11. Be3 O-O 12. Rad1 Ng4 13. Nd5 Nxe3
14. Nxe7+ Qxe7 15. Qxe3 Qe6 16. b3 Rfe8 17. Rfe1 Re7 18. Qd4 a5 19. Qd5 1/2-1/2

[Event "Hazel Park (MCO/6/6)"]
[Site "?"]
[Date "1987.??.??"]
[Round "?"]
[White "Dangremond, Leonard"]
[Black "Riggins, D.."]
[Result "0-1"]
[WhiteElo "1995"]
[BlackElo "2055"]
[PlyCount "92"]
[EventDate "1987.??.??"]

{6/(6)} 1. e4 c5 2. Nf3 d6 3. b3 Nf6 4. Nc3 a6 5. Bb2 Bg4 6. Be2 Nc6 7. O-O e5
8. h3 Bxf3 9. Bxf3 Be7 10. a4 O-O 11. g3 g6 12. Kh2 Ne8 13. Nd5 Ng7 14. a5 f5
15. Nb6 Rb8 16. exf5 gxf5 17. Bd5+ Kh8 18. f4 Nxa5 19. fxe5 Qxb6 20. Qf3 Nc6
21. exd6 Bf6 22. Bxf6 Rxf6 23. Bxc6 Qxc6 24. Qxc6 bxc6 25. Rxa6 Rxd6 26. d3
Rbd8 27. Kg2 h6 28. Rfa1 Rg6 29. Ra8 Rxa8 30. Rxa8+ Kh7 31. Rf8 h5 32. h4 Re6
33. Kf2 Kg6 34. Ra8 Ne8 35. Ra5 Nf6 36. Rxc5 Ng4+ 37. Kf3 Nf6 38. d4 Ne4 39.
Re5 Rxe5 40. dxe5 Kf7 41. Kf4 Ke6 42. b4 Nc3 43. Kg5 Kxe5 44. Kxh5 Ne4 45. g4
f4 46. g5 f3 0-1

[Event "Allendale (MI Am/3/8)"]
[Site "?"]
[Date "1987.??.??"]
[Round "?"]
[White "Dangremond, Leonard"]
[Black "Lahr, Fred"]
[Result "1-0"]
[WhiteElo "1995"]
[BlackElo "1605"]
[PlyCount "79"]
[EventDate "1987.??.??"]

{3/(8)} 1. e4 c5 2. Nf3 e6 3. d4 cxd4 4. Nxd4 a6 5. c4 Nc6 6. Be3 Qc7 7. Be2
Nf6 8. Nd2 Bd6 9. g3 Be5 10. Nxc6 dxc6 11. Qc2 c5 12. f4 Bd4 13. Bxd4 cxd4 14.
e5 Nd7 15. Nf3 b5 16. Nxd4 Bb7 17. Rf1 Rc8 18. Rd1 Qa5+ 19. Qd2 Qxd2+ 20. Rxd2
bxc4 21. Rc2 Nb6 22. Kd2 Ke7 23. Rfc1 Rhd8 24. Ke3 Nd5+ 25. Kf2 Nxf4 26. gxf4
Rxd4 27. Rxc4 Rdxc4 28. Rxc4 Rxc4 29. Bxc4 f6 30. Ke3 fxe5 31. fxe5 g5 32. b4
Bd5 33. Bxd5 exd5 34. a4 h5 35. b5 axb5 36. axb5 g4 37. b6 Kd8 38. e6 h4 39. b7
Kc7 40. e7 1-0

[Event "Allendale (MI Am/1/1)"]
[Site "?"]
[Date "1987.??.??"]
[Round "?"]
[White "Dangremond, Leonard"]
[Black "Johnson, D.."]
[Result "0-1"]
[WhiteElo "1995"]
[BlackElo "1605"]
[PlyCount "84"]
[EventDate "1987.??.??"]

{1/(1)} 1. e4 c5 2. Nf3 d6 3. d4 cxd4 4. Nxd4 Nf6 5. Nc3 g6 6. Be3 Bg7 7. Be2
Nc6 8. O-O Bd7 9. f3 O-O 10. Qd2 Re8 11. Rfd1 Rc8 12. Nxc6 Bxc6 13. Nd5 Nxd5
14. exd5 Ba4 15. Qb4 Bxc2 16. Bxa7 Bxd1 17. Bb6 Qd7 18. Bb5 Qf5 19. Bxe8 Qxd5
20. Qe1 Bd4+ 21. Bxd4 Qxd4+ 22. Qf2 Qxf2+ 23. Kxf2 Rxe8 24. Rxd1 Rc8 25. Ke2
Kf8 26. Ke3 Ke8 27. h4 f5 28. Rd4 Kd7 29. Rb4 Rc7 30. g3 e5 31. a4 d5 32. Rb3
Kc6 33. Rb4 Rd7 34. a5 Kc5 35. Rb6 d4+ 36. Kd3 e4+ 37. fxe4 fxe4+ 38. Kd2 Re7
39. b4+ Kc4 40. b5 Kc5 41. g4 e3+ 42. Ke2 d3+ 0-1

[Event "Allendale (MI Am/4/4)"]
[Site "?"]
[Date "1987.??.??"]
[Round "?"]
[White "Dangremond, Leonard"]
[Black "Hobbs, Raymond"]
[Result "1-0"]
[WhiteElo "1995"]
[BlackElo "1885"]
[PlyCount "29"]
[EventDate "1987.??.??"]

{4/(4)} 1. e4 e6 2. g3 d5 3. exd5 exd5 4. Bg2 c6 5. Ne2 Bc5 6. d4 Bd6 7. O-O
Qc7 8. Bf4 Ne7 9. Nd2 Bxf4 10. Nxf4 Ng6 11. Re1+ Kf8 12. Qe2 Qd8 13. Qf3 Nxf4
14. Qxf4 Be6 15. Rxe6 1-0

[Event "Hazel Park (MCO/5/12)"]
[Site "?"]
[Date "1987.??.??"]
[Round "?"]
[White "Dangremond, Leonard"]
[Black "Falkowski, L.."]
[Result "1-0"]
[WhiteElo "1995"]
[BlackElo "1620"]
[PlyCount "75"]
[EventDate "1987.??.??"]

{5/(12)} 1. e4 c5 2. Nf3 d6 3. b3 Nc6 4. Bb2 Bg4 5. Be2 Bxf3 6. Bxf3 Nf6 7. g3
e6 8. Nc3 Be7 9. Ne2 O-O 10. O-O Nd7 11. d4 cxd4 12. Nxd4 Nxd4 13. Bxd4 e5 14.
Bb2 b5 15. Qe2 Qb6 16. Rfd1 Rac8 17. Bg4 Rc7 18. Bxd7 Rxd7 19. Bxe5 Rc7 20. Bd4
Qb7 21. c3 Rfc8 22. b4 a6 23. a4 Rc4 24. axb5 axb5 25. Ra7 Qxa7 26. Bxa7 Rxc3
27. Qxb5 Bf6 28. Bd4 Bxd4 29. Rxd4 Rc1+ 30. Kg2 g6 31. Rxd6 h5 32. Qd7 R1c7 33.
Qb5 h4 34. e5 hxg3 35. hxg3 g5 36. Qd5 Rf8 37. e6 Re7 38. Qxg5+ 1-0

[Event "Lansing (MI Op/4/10)"]
[Site "?"]
[Date "1987.??.??"]
[Round "?"]
[White "Dailey, C.."]
[Black "Rogers, Bradley"]
[Result "0-1"]
[WhiteElo "1945"]
[BlackElo "2185"]
[PlyCount "42"]
[EventDate "1987.??.??"]

{4/(10)} 1. e4 e6 2. d4 d5 3. Nd2 Nf6 4. e5 Nfd7 5. f4 c5 6. c3 Nc6 7. Ndf3 Qb6
8. g3 cxd4 9. cxd4 Bb4+ 10. Kf2 g5 11. fxg5 Ndxe5 12. Bf4 Ng6 13. Ne2 e5 14.
Be3 e4 15. Ne5 Ngxe5 16. dxe5 Bc5 17. Bxc5 Qxc5+ 18. Kg2 Bg4 19. Rc1 Bf3+ 20.
Kh3 Qe7 21. Qxd5 Qxg5 0-1

[Event "Lansing (MI Op/2/30)"]
[Site "?"]
[Date "1987.??.??"]
[Round "?"]
[White "Dailey, C.."]
[Black "Levadi, David"]
[Result "1-0"]
[WhiteElo "1945"]
[BlackElo "1810"]
[PlyCount "113"]
[EventDate "1987.??.??"]

{2/(30)} 1. e4 e5 2. Nf3 Nc6 3. Bb5 a6 4. Bxc6 dxc6 5. O-O Qd6 6. d4 f6 7. dxe5
fxe5 8. Nbd2 Be6 9. b3 Be7 10. Bb2 Bf6 11. Qe2 O-O-O 12. Rad1 Qc5 13. c4 Ne7
14. Ne1 Ng6 15. Nd3 Qe7 16. Nf3 Bg4 17. h3 Bd7 18. Qe3 Kb8 19. Rd2 Rhe8 20.
Rfd1 Bc8 21. Qc5 Qe6 22. Qb4 Ka8 23. Nc5 Qg8 24. Rxd8 Rxd8 25. Rxd8 Qxd8 26.
Qd2 Qd6 27. Nd3 c5 28. Qc3 Nf4 29. Nxf4 exf4 30. e5 Qd1+ 31. Qe1 Qxe1+ 32. Nxe1
Be7 33. Kf1 Bf5 34. Ke2 Kb8 35. Kf3 g5 36. g3 fxg3 37. Kxg3 Bb1 38. a3 Ba2 39.
Nf3 Bxb3 40. Kg4 Bd1 41. Bc1 Kc8 42. Kg3 h6 43. h4 Bxf3 44. Kxf3 gxh4 45. Bxh6
Kd7 46. Kg4 b5 47. Bc1 bxc4 48. Bb2 Ke6 49. f4 c3 50. Bxc3 c4 51. f5+ Kd5 52.
f6 Bxa3 53. Kxh4 a5 54. Kg5 Ke6 55. Kg6 a4 56. Kg7 Bc5 57. f7 1-0

[Event "Lansing (MI Op/7/17)"]
[Site "?"]
[Date "1987.??.??"]
[Round "?"]
[White "Dailey, C.."]
[Black "Johnson, Ri"]
[Result "0-1"]
[WhiteElo "1945"]
[BlackElo "2030"]
[PlyCount "84"]
[EventDate "1987.??.??"]

{7/(17)} 1. e4 c5 2. Nf3 Nc6 3. d4 cxd4 4. Nxd4 d5 5. Bb5 dxe4 6. Nxc6 Qxd1+ 7.
Kxd1 a6 8. Nd4+ axb5 9. Nxb5 Bg4+ 10. Ke1 Rc8 11. N1c3 Nf6 12. Bf4 e5 13. Bxe5
Bb4 14. h3 Rc5 15. Bxf6 gxf6 16. Nd6+ Ke7 17. Ndxe4 Re5 18. Kf1 Bf5 19. f3 Rc8
20. Rc1 Bxe4 21. Nxe4 f5 22. Nf2 Rxc2 23. Rd1 Rd2 24. Rg1 Ree2 25. Rxd2 Rxd2
26. g3 Bd6 27. Rg2 Rxb2 28. Nd3 Rxg2 29. Kxg2 Ke6 30. Kf2 Kd5 31. f4 Kd4 32.
Ke2 f6 33. Kd2 Bc7 34. Ke2 Ba5 35. Nc1 Kc3 36. Nd3 Bb6 37. g4 Kd4 38. gxf5 Bc7
39. Kd2 Bd6 40. Ke2 Ke4 41. a4 h6 42. h4 h5 0-1

[Event "Lansing (MI Op/6/14)"]
[Site "?"]
[Date "1987.??.??"]
[Round "?"]
[White "Dailey, C.."]
[Black "Farges, Y.."]
[Result "0-1"]
[WhiteElo "1945"]
[BlackElo "2085"]
[PlyCount "98"]
[EventDate "1987.??.??"]

{6/(14)} 1. e4 c5 2. Nf3 Nc6 3. d4 cxd4 4. Nxd4 Nf6 5. Nc3 e5 6. Ndb5 d6 7. Bg5
a6 8. Na3 b5 9. Nd5 Be7 10. Bxf6 Bxf6 11. c3 O-O 12. Nc2 Be6 13. Be2 Bxd5 14.
Qxd5 Ne7 15. Qb3 d5 16. exd5 Qxd5 17. Qxd5 Nxd5 18. Bf3 Rad8 19. O-O-O Nf4 20.
Be4 Bg5 21. Kb1 f5 22. Rxd8 Bxd8 23. Bb7 Rf6 24. Rd1 Be7 25. g3 Nh3 26. f3 Nf2
27. Rd2 Bc5 28. b4 Bb6 29. Bxa6 e4 30. fxe4 fxe4 31. Nd4 e3 32. Re2 Bxd4 33.
cxd4 Rxa6 34. Rxe3 Rc6 35. Re8+ Kf7 36. Re5 Nd3 37. Rf5+ Ke6 38. d5+ Kxf5 39.
dxc6 Ke6 40. a3 Kd6 41. Kc2 Ne5 42. Kb3 Kxc6 43. a4 bxa4+ 44. Kxa4 Nf3 45. Ka5
Nxh2 46. Ka6 Nf3 47. b5+ Kc5 48. b6 Nd4 49. b7 Nc6 0-1

[Event "Lansing (MI Op/7/12)"]
[Site "?"]
[Date "1987.??.??"]
[Round "?"]
[White "Czuhai, Kevin"]
[Black "Wysocki, Jason"]
[Result "1-0"]
[WhiteElo "2275"]
[BlackElo "1930"]
[PlyCount "65"]
[EventDate "1987.??.??"]

{7/(12)} 1. d4 Nf6 2. Nc3 d5 3. Bg5 Nbd7 4. Nf3 e6 5. e3 Be7 6. Bd3 c5 7. Ne5
Qb6 8. Bb5 cxd4 9. exd4 a6 10. Nxd7 Bxd7 11. Bxd7+ Nxd7 12. Bxe7 Kxe7 13. O-O
f6 14. Qg4 g5 15. Rae1 Qd6 16. f4 h5 17. Qf3 g4 18. Qd3 Kf7 19. f5 Rae8 20.
fxe6+ Rxe6 21. Qf5 Nb6 22. Kh1 g3 23. Re5 Nc4 24. Rxd5 Ne3 25. Rxd6 Nxf5 26.
Rd7+ Kg6 27. Nd5 Re4 28. Rxb7 Rhe8 29. Rb6 Rf8 30. Rxa6 Rxd4 31. Nf4+ Kf7 32.
Ra7+ Ne7 33. Rxe7+ 1-0

[Event "Lansing (MI Op/1b/1)"]
[Site "?"]
[Date "1987.??.??"]
[Round "?"]
[White "Czuhai, Kevin"]
[Black "Skidmore, Mike"]
[Result "1-0"]
[WhiteElo "2275"]
[BlackElo "1920"]
[PlyCount "95"]
[EventDate "1987.??.??"]

1. e4 d6 2. d4 Nf6 3. Nc3 g6 4. Be2 Bg7 5. Bg5 O-O 6. Qd2 Re8 7. O-O-O Nc6 8.
d5 Nb8 9. Bh6 Bh8 10. h4 c6 11. h5 cxd5 12. hxg6 fxg6 13. exd5 Qb6 14. Bf3 Bf5
15. Nge2 Na6 16. Nd4 Bd7 17. Be3 Nc5 18. Ne6 Qa5 19. Nxc5 dxc5 20. d6 Be6 21.
Bg5 Rad8 22. Qf4 Qb4 23. Qh2 h5 24. a3 Qb6 25. Qg3 Kf7 26. Bxf6 Bxf6 27. Be4
Rg8 28. dxe7 Rde8 29. Rd6 Qc7 30. Rxe6 Qxg3 31. Rxf6+ Kxf6 32. fxg3 Kxe7 33.
Bxb7 Rb8 34. Bf3 Kf6 35. Ne4+ Kg7 36. Nxc5 Rb6 37. Re1 Rd6 38. Re7+ Kf6 39.
Rxa7 Rd4 40. Ne4+ Kf5 41. Rf7+ Ke5 42. Re7+ Kf5 43. Rc7 Rgd8 44. Rc5+ Ke6 45.
b4 Ra8 46. Kb2 Rd7 47. Ng5+ Kf6 48. Bxa8 1-0

[Event "Lansing (MI Op/4/4)"]
[Site "?"]
[Date "1987.??.??"]
[Round "?"]
[White "Czuhai, Kevin"]
[Black "Kebrdle, M.."]
[Result "1-0"]
[WhiteElo "2275"]
[BlackElo "2095"]
[PlyCount "53"]
[EventDate "1987.??.??"]

{4/(4)} 1. e4 c6 2. d4 d5 3. e5 Bf5 4. Ne2 e6 5. Ng3 Bg6 6. h4 h5 7. Be2 Nd7 8.
Nd2 c5 9. c4 cxd4 10. cxd5 exd5 11. Nf3 Qb6 12. O-O Rc8 13. Nxd4 Bc5 14. Ndf5
Bxf5 15. Nxf5 g6 16. Ne3 Qe6 17. Nxd5 Nxe5 18. b4 Bd6 19. Bb2 f6 20. Bb5+ Kf7
21. Nf4 Qe7 22. Qb3+ Kg7 23. Rad1 Nf7 24. Rfe1 Ne5 25. Ne6+ Kh7 26. f4 Bxb4 27.
Rxe5 1-0

[Event "Lansing (MI Op/3/7)"]
[Site "?"]
[Date "1987.??.??"]
[Round "?"]
[White "Czuhai, Kevin"]
[Black "Johnson, Ri"]
[Result "1-0"]
[WhiteElo "2275"]
[BlackElo "2030"]
[PlyCount "49"]
[EventDate "1987.??.??"]

{3/(7)} 1. e4 c5 2. Nf3 Nf6 3. e5 Nd5 4. Nc3 e6 5. g3 b6 6. Nxd5 exd5 7. Bg2
Nc6 8. O-O Bb7 9. d4 Qc7 10. c3 h6 11. dxc5 bxc5 12. Nh4 Ne7 13. f4 O-O-O 14.
b4 c4 15. Be3 a6 16. b5 g5 17. bxa6 Ba8 18. fxg5 hxg5 19. Nf5 Nxf5 20. Rxf5 d6
21. Bd4 f6 22. exf6 Qh7 23. Qg4 Qxh2+ 24. Kf2 Re8 25. Re5+ 1-0

[Event "Lansing (MI Op/2/25)"]
[Site "?"]
[Date "1987.??.??"]
[Round "?"]
[White "Cunningham, R.."]
[Black "Shaler, S.."]
[Result "1-0"]
[WhiteElo "2185"]
[BlackElo "1755"]
[PlyCount "68"]
[EventDate "1987.??.??"]

{2/(25)} 1. e4 c6 2. d4 d5 3. exd5 cxd5 4. Bd3 Nc6 5. c3 Nf6 6. Bf4 e6 7. Nf3
Bd6 8. Bxd6 Qxd6 9. Nbd2 Nd7 10. O-O e5 11. dxe5 Ndxe5 12. Nxe5 Nxe5 13. Re1
Be6 14. Bb5+ Nc6 15. Nc4 Qc5 16. b4 Qe7 17. Ne3 Rd8 18. Nf5 Qf6 19. Nd4 Rd6 20.
Qa4 O-O 21. Bxc6 bxc6 22. Qxa7 Bd7 23. Qa3 Rb8 24. Qc1 Qd8 25. Qe3 Qb6 26. Qe7
Qc7 27. a4 Rh6 28. g3 Qc8 29. a5 c5 30. Qxc5 Qxc5 31. bxc5 Ra8 32. a6 Rhxa6 33.
Rxa6 Rxa6 34. c6 Bxc6 $138 1-0

[Event "Lansing (MI Op/4/9)"]
[Site "?"]
[Date "1987.??.??"]
[Round "?"]
[White "Cunningham, R.."]
[Black "Robison, B.."]
[Result "1-0"]
[WhiteElo "2185"]
[BlackElo "2025"]
[PlyCount "85"]
[EventDate "1987.??.??"]

{4/(9)} 1. e4 e6 2. d4 d5 3. Nd2 c5 4. Ngf3 Nc6 5. exd5 exd5 6. Bb5 Qe7+ 7. Qe2
Qxe2+ 8. Kxe2 Bd7 9. dxc5 Bxc5 10. Nb3 Bb6 11. Be3 Bxe3 12. fxe3 a6 13. Bxc6
Bxc6 14. Nbd4 Ne7 15. a4 O-O 16. Rhd1 Rfe8 17. Kf2 Nc8 18. Nxc6 bxc6 19. Nd4
Ne7 20. b4 Rab8 21. Rdb1 Rb7 22. c3 Reb8 23. Nb3 Nf5 24. Re1 Nd6 25. Nc5 Ne4+
26. Nxe4 dxe4 27. Rad1 a5 28. bxa5 Rb3 29. Rd4 Rxc3 30. Rxe4 Rc5 31. a6 Ra5 32.
Rb1 Ra8 33. Rb6 c5 34. Re7 Rxa4 35. a7 Kf8 36. Rbb7 Ra6 37. Rxf7+ Kg8 38. Rxg7+
Kh8 39. Rxh7+ Kg8 40. Rb8+ Kxh7 41. Rxa8 c4 42. Rc8 Rxa7 43. Rxc4 1-0

[Event "Lansing (MI Op/5/4)"]
[Site "?"]
[Date "1987.??.??"]
[Round "?"]
[White "Cunningham, R.."]
[Black "Morris, Jason"]
[Result "1-0"]
[WhiteElo "2185"]
[BlackElo "1925"]
[PlyCount "51"]
[EventDate "1987.??.??"]

{5/(4)} 1. e4 c5 2. Nf3 d6 3. d4 cxd4 4. Nxd4 Nf6 5. Nc3 a6 6. Be2 e5 7. Nb3
Be7 8. O-O Be6 9. Be3 Qc7 10. Qd2 O-O 11. a4 Nbd7 12. a5 Rfd8 13. Rfd1 Nc5 14.
Nd5 Nxd5 15. exd5 Bf5 16. Nxc5 dxc5 17. c4 Bd6 18. b4 Rd7 19. bxc5 Bxc5 20.
Bxc5 Qxc5 21. Qg5 Bc2 22. Rdc1 f6 23. Qg4 f5 24. Qg3 Qd4 25. Ra2 f4 26. Qh3 1-0

[Event "Hazel Park (MCO/3/4)"]
[Site "?"]
[Date "1987.??.??"]
[Round "?"]
[White "Cunningham, R.."]
[Black "Moody, David"]
[Result "1-0"]
[WhiteElo "2190"]
[BlackElo "1995"]
[PlyCount "65"]
[EventDate "1987.??.??"]

{3/(4)} 1. e4 e5 2. Nf3 Nc6 3. Bb5 a6 4. Ba4 Nf6 5. O-O Be7 6. Re1 b5 7. Bb3
O-O 8. h3 Bb7 9. d3 d6 10. c3 Na5 11. Bc2 Re8 12. Nbd2 c5 13. Qe2 Bf8 14. Nf1
g6 15. Bg5 Bg7 16. a4 Qc7 17. g4 Nc6 18. Ne3 Ne7 19. Bxf6 Bxf6 20. g5 Bg7 21.
Ng4 Kh8 22. Kg2 Ng8 23. Bb3 Rf8 24. axb5 axb5 25. Rxa8 Rxa8 26. h4 f5 27. gxf6
Nxf6 28. Nxf6 Bxf6 29. Ng5 Bxg5 30. hxg5 Qe7 31. Qg4 Bc8 32. Ra1 Qb7 33. Qf3
1-0

[Event "Hazel Park (MCO/1/6)"]
[Site "?"]
[Date "1987.??.??"]
[Round "?"]
[White "Cunningham, R.."]
[Black "Koteles, M.."]
[Result "1-0"]
[WhiteElo "2190"]
[BlackElo "1695"]
[PlyCount "81"]
[EventDate "1987.??.??"]

{1/(6)} 1. e4 c6 2. d4 d5 3. exd5 cxd5 4. Bd3 Nc6 5. c3 Nf6 6. Bf4 Bg4 7. Qb3
Qc8 8. Nd2 e6 9. Ngf3 Be7 10. O-O O-O 11. Ne5 Nxe5 12. Bxe5 Nd7 13. Qc2 f5 14.
Rfe1 Nxe5 15. dxe5 Qd7 16. Nb3 Rac8 17. Nd4 a6 18. a4 Bc5 19. Qd2 Bxd4 20. cxd4
Rc7 21. a5 Rfc8 22. Rac1 Qa4 23. h3 Rxc1 24. Rxc1 Rxc1+ 25. Qxc1 Qd1+ 26. Qxd1
Bxd1 27. Kf1 Kf7 28. Ke1 Ba4 29. Kd2 Ke7 30. Kc3 Kd8 31. Kb4 Bc6 32. Kc5 Kc7
33. g4 g6 34. g5 Ba4 35. b4 Be8 36. b5 axb5 37. Bxb5 Bf7 38. Ba4 Bg8 39. Be8 f4
40. h4 Kd8 41. Kd6 1-0

[Event "Lansing (MI Op/7/6)"]
[Site "?"]
[Date "1987.??.??"]
[Round "?"]
[White "Cunningham, R.."]
[Black "Haluska, James"]
[Result "1/2-1/2"]
[WhiteElo "2185"]
[BlackElo "2090"]
[PlyCount "41"]
[EventDate "1987.??.??"]

{7/(6)} 1. e4 e5 2. Nf3 Nc6 3. Bb5 a6 4. Ba4 Nf6 5. O-O Be7 6. Re1 b5 7. Bb3
O-O 8. h3 d6 9. c3 Na5 10. Bc2 c5 11. d4 Qc7 12. Nbd2 Bd7 13. Nf1 cxd4 14. cxd4
Rfc8 15. Bd3 exd4 16. Nxd4 Nc4 17. b3 Ne5 18. Bb2 Qb6 19. Nf3 Ng6 20. Rc1 Be6
21. Qd2 1/2-1/2

[Event "Hazel Park (MCO/5/1)"]
[Site "?"]
[Date "1987.??.??"]
[Round "?"]
[White "Cunningham, R.."]
[Black "Finegold, Ben"]
[Result "1/2-1/2"]
[WhiteElo "2190"]
[BlackElo "2445"]
[PlyCount "46"]
[EventDate "1987.??.??"]

{5/(1)} 1. e4 e6 2. d4 d5 3. Nd2 Nf6 4. Bd3 c5 5. e5 Nfd7 6. c3 Nc6 7. Ngf3 f5
8. exf6 Qxf6 9. O-O Bd6 10. Re1 O-O 11. Nf1 e5 12. Ne3 Nb6 13. dxc5 Bxc5 14.
Nxd5 Nxd5 15. Bc4 Be6 16. Bxd5 Rad8 17. Bxe6+ Qxe6 18. Qc2 e4 19. Bg5 Rde8 20.
Nd4 Bxd4 21. cxd4 Nxd4 22. Qc3 Nc6 23. Re3 h6 1/2-1/2

[Event "Allendale (MI Am/3/7)"]
[Site "?"]
[Date "1987.??.??"]
[Round "?"]
[White "Croel, Duane"]
[Black "Munger, Larry"]
[Result "1/2-1/2"]
[WhiteElo "1605"]
[BlackElo "1680"]
[PlyCount "94"]
[EventDate "1987.??.??"]

{3/(7)} 1. d4 Nf6 2. c4 g6 3. Nc3 d5 4. Nf3 Bg7 5. Bg5 O-O 6. e3 c5 7. Bxf6
Bxf6 8. Nxd5 cxd4 9. Nxf6+ exf6 10. Qxd4 Qa5+ 11. Qd2 Qxd2+ 12. Nxd2 Rd8 13.
Nf3 Bf5 14. Nd4 Be4 15. f3 Bc6 16. O-O-O Ba4 17. b3 Be8 18. Be2 a5 19. Nc2 Nc6
20. Rxd8 Rxd8 21. Rd1 Rxd1+ 22. Bxd1 Kf8 23. a3 Ke7 24. Nd4 Kd6 25. Nxc6 bxc6
26. b4 axb4 27. axb4 g5 28. Be2 h5 29. Kc2 h4 30. Kc3 f5 31. Kd4 f6 32. b5 c5+
33. Kc3 Bd7 34. Kb3 Kc7 35. f4 g4 36. Ka4 Kb6 37. Kb3 Bc8 38. Kc2 Bb7 39. g3
hxg3 40. hxg3 Bc8 41. Bd3 Be6 42. Kc3 Kc7 43. e4 fxe4 44. Bxe4 f5 45. Bd5 Bd7
46. Kb3 Kb6 47. Ka4 Bc8 1/2-1/2

[Event "Allendale (MI Am/2/12)"]
[Site "?"]
[Date "1987.??.??"]
[Round "?"]
[White "Croel, Duane"]
[Black "Grzegorczyk, Ron"]
[Result "1-0"]
[WhiteElo "1605"]
[BlackElo "1655"]
[PlyCount "43"]
[EventDate "1987.??.??"]

{2/(12)} 1. d4 d5 2. c4 e6 3. Nc3 Nc6 4. e3 Nf6 5. Nf3 a6 6. Qc2 Bb4 7. Bd2 O-O
8. Bd3 dxc4 9. Bxc4 Re8 10. O-O b5 11. Bd3 e5 12. dxe5 Nxe5 13. Nxe5 Rxe5 14.
Rfd1 Bd6 15. Ne4 Bf5 16. Nxf6+ Qxf6 17. Bc3 Bxd3 18. Qxd3 Qh4 19. Bxe5 Bxe5 20.
g3 Qf6 21. Rab1 Bxb2 22. Rxb2 1-0

[Event "Allendale (MI Am/5/3)"]
[Site "?"]
[Date "1987.??.??"]
[Round "?"]
[White "Croel, Duane"]
[Black "Bennett, E.."]
[Result "0-1"]
[WhiteElo "1605"]
[BlackElo "1995"]
[PlyCount "50"]
[EventDate "1987.??.??"]

{5/(3)} 1. d4 Nf6 2. c4 e5 3. dxe5 Ng4 4. e4 d6 5. exd6 Bxd6 6. Be2 Nf6 7. Nc3
O-O 8. Nf3 Bb4 9. Qxd8 Bxc3+ 10. bxc3 Rxd8 11. e5 Nfd7 12. Bf4 Re8 13. e6 Rxe6
14. Bxc7 Na6 15. Bf4 Ndc5 16. Nd4 Nd3+ 17. Kf1 Nxf4 18. Nxe6 Bxe6 19. Rb1 Nxe2
20. Kxe2 Bxc4+ 21. Kd2 Rd8+ 22. Ke1 Nc5 23. g3 Nd3+ 24. Kf1 Nf4+ 25. Kg1 Ne2+
0-1

[Event "Hazel Park (MCO/3/33)"]
[Site "?"]
[Date "1987.??.??"]
[Round "?"]
[White "Cowan, W.."]
[Black "Lang, Brad"]
[Result "0-1"]
[WhiteElo "1605"]
[BlackElo "1755"]
[PlyCount "54"]
[EventDate "1987.??.??"]

{3/(33)} 1. d4 Nf6 2. c4 g6 3. Nc3 d5 4. e3 Bg7 5. Nf3 c6 6. Be2 Bf5 7. Nh4 Bd7
8. O-O O-O 9. b3 dxc4 10. Bxc4 c5 11. Nf3 Bg4 12. h3 cxd4 13. hxg4 dxc3 14. Nd4
Nc6 15. Nc2 Qxd1 16. Rxd1 Nxg4 17. Ba3 Rfd8 18. Bd5 Nge5 19. f4 e6 20. Bxc6
Nxc6 21. Rac1 a5 22. Ra1 b5 23. Bc5 Nb4 24. Nxb4 axb4 25. Rxd8+ Rxd8 26. Bxb4
c2 27. Rc1 Rd1+ 0-1

[Event "Hazel Park (MCO/5/39)"]
[Site "?"]
[Date "1987.??.??"]
[Round "?"]
[White "Cowan, W.."]
[Black "Bolda, Dan G"]
[Result "1/2-1/2"]
[WhiteElo "1605"]
[BlackElo "1840"]
[PlyCount "77"]
[EventDate "1987.??.??"]

{5/(39)} 1. d4 Nf6 2. Nf3 g6 3. c4 Bg7 4. Bg5 O-O 5. Nc3 d6 6. e4 Nbd7 7. Be2
c5 8. d5 Nb6 9. h3 h6 10. Bh4 Nh5 11. Nd2 Nf4 12. Bf3 Nd3+ 13. Ke2 Nxb2 14. Qb3
N2a4 15. Nxa4 Nxa4 16. Qxa4 Bxa1 17. Rxa1 Bd7 18. Qb3 a6 19. Qxb7 Rb8 20. Qxa6
g5 21. Bg3 Rb2 22. Qa3 Qb6 23. Qc3 Ra8 24. e5 Ba4 25. Be4 Be8 26. Rb1 Raxa2 27.
Rxb2 Rxb2 28. exd6 exd6 29. Bxd6 Rxd2+ 30. Kxd2 Qxd6 31. Qd3 Bd7 32. Bf3 Qf4+
33. Ke2 Qe5+ 34. Qe3 Qb2+ 35. Qd2 Qb3 36. Qd3 Qb2+ 37. Qd2 Qe5+ 38. Qe3 Qb2+
39. Qd2 1/2-1/2

[Event "Hazel Park (MCO/1/31)"]
[Site "?"]
[Date "1987.??.??"]
[Round "?"]
[White "Cowan, W.."]
[Black "Almquist, W.."]
[Result "0-1"]
[WhiteElo "1605"]
[BlackElo "1895"]
[PlyCount "58"]
[EventDate "1987.??.??"]

{1/(31)} 1. d4 d5 2. c4 dxc4 3. Nc3 e5 4. e3 exd4 5. exd4 Nf6 6. Bxc4 Nc6 7.
Nf3 Qe7+ 8. Be3 Bg4 9. O-O O-O-O 10. Re1 Qb4 11. Qe2 Bxf3 12. gxf3 Nxd4 13.
Bxd4 Rxd4 14. Bxf7 Bd6 15. Ne4 Nxe4 16. fxe4 Rd2 17. Qg4+ Kb8 18. Qxg7 Rf8 19.
Re3 Bc5 20. Rf3 Qxe4 21. Rf6 Rfd8 22. Rf1 Rd1 23. Qg2 Rxf1+ 24. Qxf1 Qg4+ 25.
Kh1 Rd1 26. Qxd1 Qxd1+ 27. Kg2 Qg4+ 28. Kh1 Qh4 29. Re6 a5 0-1